HBR's 10 Must Reads on Strategy

Gespeichert in:
Bibliographische Detailangaben
Format: Buch
Sprache:Englisch
Veröffentlicht: Boston Harvard Business Review Press 2011
Schlagworte:
Tags: Tag hinzufügen
Keine Tags, Fügen Sie das erste Tag hinzu!

MARC

LEADER 00000nam a2200000 4500
001 0269793
005 20231108111200.9
020 |a 978-1-4221-5798-5 
041 0 |a eng 
044 |a US 
245 1 0 |a HBR's 10 Must Reads on Strategy 
264 1 |a Boston  |b Harvard Business Review Press  |c 2011 
300 |a 266 s. 
610 2 0 |a podnikanie 
610 2 0 |a stratégia podnikateľská 
610 2 0 |a vízie 
610 2 0 |a modely podnikateľské 
610 2 0 |a rozhodovanie